000 00400nam a2200169Ia 4500
008 230524s9999 xx 000 0 und d
020 _a9789382332299
082 _bDEO
100 _aM.J.Deodhar
_942912
245 0 _aSpillway Clarified
250 _a1
260 _aNew Delhi
_bI.K.International
_c2013
300 _a"X,204p;"
500 _aQuantity Number: 1
650 _aCivil
942 _cBK
999 _c57880
_d57880